| 000 | 00341nam a2200109Ia 4500 | ||
|---|---|---|---|
| 008 | 200302s9999 xx 000 0 und d | ||
| 100 | _aAlan Strahler & Arthur Strahler | ||
| 245 | _aPhysical Geography : Science And Systems Of The Human Environment -- 2Nd Edtiion -- Cd | ||
| 260 | _bJohn Wiley and Sons ,Inc | ||
| 260 | _c2002 | ||
| 300 | _a748 P | ||
| 999 |
_c4804 _d4804 |
||